000 006380000a22001810004500
003 MACL
005 20160506152502.0
008 160506b xxu||||| |||| 00| 0 eng d
040 _aMACL
_cMACL
041 _aHindi
082 _a800 RAM
100 _aकेलकर, इंदुमति
_955482
245 _aडॉ. राममनोहर लोहिया जीवन और दर्शन
_cइंदुमति केलकर
260 _aनई दिल्‍ली
_bअनामिका पब्लिशर्स
_c2010
350 _a800
650 _aरचनावली
_9163
942 _cHIN
_k800 /RAM
_2ddc
999 _c47336
_d47336